Экономика, управление и право в современных условиях (Запись № 3115323)

Подробности
000 -МАРКЕР
контрольное поле 03699nas1a22003731i 4500
001 - ИДЕНТИФИКАТОР ЗАПИСИ
контрольное поле RU\NLR\Per\909834
005 - ИДЕНТИФИКАТОР ВЕРСИИ
контрольное поле 20260408075437.0
011 ## - МЕЖДУНАРОДНЫЙ СТАНДАРТНЫЙ НОМЕР СЕРИАЛЬНОГО ИЗДАНИЯ (ISSN)
Номер (ISSN) 2310-4392
035 ## - ДРУГИЕ СИСТЕМНЫЕ НОМЕРА
Идентификатор записи (NLR Aleph) 003162459
100 ## - ДАННЫЕ ОБЩЕЙ ОБРАБОТКИ
Данные общей обработки 20121213a20129999|||y0rusy50 ca
101 0# - ЯЗЫК РЕСУРСА
Язык текста, звукозаписи и т.д. русский
102 ## - СТРАНА ПУБЛИКАЦИИ ИЛИ ПРОИЗВОДСТВА
Страна публикации Российская Федерация
110 ## - ПОЛЕ КОДИРОВАННЫХ ДАННЫХ: ПРОДОЛЖАЮЩИЕСЯ РЕСУРСЫ
Кодированные данные продолжающегося ресурса zu|||||||||
200 1# - ЗАГЛАВИЕ И СВЕДЕНИЯ ОБ ОТВЕТСТВЕННОСТИ
Основное заглавие Экономика, управление и право в современных условиях
Сведения, относящиеся к заглавию международный сборник статей
Первые сведения об ответственности Федерал. гос. бюджет. образоват. учреждение высш. проф. образования "Самар. гос. ун-т", Каф. экономики города и муницип. упр., НП "Ин-т анализа экономики города и региона"
207 #0 - ОБЛАСТЬ СПЕЦИФИЧЕСКИХ СВЕДЕНИЙ: НУМЕРАЦИЯ ПРОДОЛЖАЮЩИХСЯ РЕСУРСОВ
Нумерация: даты и обозначения томов 2012, вып. 1 (13) -
210 ## - ПУБЛИКАЦИЯ, РАСПРОСТРАНЕНИЕ И ДР.
Место издания, распространения и т.д. Самара
Имя издателя, распространителя и т. д. Самарский университет
Дата издания, распространения и т.д. 2012 -
300 ## - ОБЩИЕ ПРИМЕЧАНИЯ
Текст примечания В надзаг. также: М-во образования и науки Рос. Федерации
311 ## - ПРИМЕЧАНИЯ, ОТНОСЯЩИЕСЯ К ПОЛЯМ СВЯЗИ (ПРИМЕЧАНИЯ О СВЯЗИ С ДРУГИМИ ПРОИЗВЕДЕНИЯМИ (ИЗДАНИЯМИ))
Текст примечания Ранее выходил как: Экономика, финансы и управление в современных условиях
320 ## - ПРИМЕЧАНИЯ О НАЛИЧИИ В ДОКУМЕНТЕ БИБЛИОГРАФИИ / УКАЗАТЕЛЯ
Текст примечания Ранее в серии сборника научных статей вышли [2009-2020]. - (Вып. 35. - 2020. - С. 115-117)
320 ## - ПРИМЕЧАНИЯ О НАЛИЧИИ В ДОКУМЕНТЕ БИБЛИОГРАФИИ / УКАЗАТЕЛЯ
Текст примечания Ранее в серии сборника научных статей вышли [2009-2020]. - (Вып. 36. - 2020. - С. 133-135)
430 #0 - ПРОДОЛЖЕН
Встроенное поле 2001#$aЭкономика, финансы и управление в современных условиях
Заглавие Экономика, финансы и управление в современных условиях
712 02 - НАИМЕНОВАНИЕ ОРГАНИЗАЦИИ - ВТОРИЧНАЯ ОТВЕТСТВЕННОСТЬ
Код отношения Прочие
Начальный элемент ввода Самарский государственный университет
Структурное подразделение Кафедра экономики города и муниципального управления
Системный номер авторитетной/нормативной записи 323593
Идентификатор авторитетной/нормативной записи RU\NLR\AUTH\8810219063
712 02 - НАИМЕНОВАНИЕ ОРГАНИЗАЦИИ - ВТОРИЧНАЯ ОТВЕТСТВЕННОСТЬ
Код отношения Прочие
Начальный элемент ввода Самарский государственный университет
Структурное подразделение Кафедра общего и стратегического менеджмента
Системный номер авторитетной/нормативной записи 309413
Идентификатор авторитетной/нормативной записи RU\NLR\AUTH\8810211102
712 02 - НАИМЕНОВАНИЕ ОРГАНИЗАЦИИ - ВТОРИЧНАЯ ОТВЕТСТВЕННОСТЬ
Код отношения Прочие
Начальный элемент ввода Институт судебной строительно-технической экспертизы
Идентифицирующий признак Тольятти
Системный номер авторитетной/нормативной записи 705480
Идентификатор авторитетной/нормативной записи RU\NLR\AUTH\880522161
852 ## - МЕСТОНАХОЖДЕНИЕ И ШИФР ХРАНЕНИЯ
Идентификатор организации NLR
Шифр хранения (Call Number) П22/9399
942 ## - ДОПОЛНИТЕЛЬНЫЕ ЭЛЕМЕНТЫ ЗАПИСИ (АБИС)
Тип экземпляра АБИС Сборник
980 ## - КОЛЛЕКЦИЯ
Название коллекции Русская периодика

Нет доступных экземпляров.